Review of Medical Embryology: (Record no. 481)

MARC details
000 -LEADER
fixed length control field 00785pam a2200265 a 4500
001 - CONTROL NUMBER
control field 443611
003 - CONTROL NUMBER IDENTIFIER
control field OSt
005 - DATE AND TIME OF LATEST TRANSACTION
control field 20240315135430.0
008 - FIXED-LENGTH DATA ELEMENTS--GENERAL INFORMATION
fixed length control field 820701s1982 nyua b 001 0 eng
010 ## - LIBRARY OF CONGRESS CONTROL NUMBER
LC control number 82012748
020 ## - INTERNATIONAL STANDARD BOOK NUMBER
International Standard Book Number 0023906200 (pbk.)
040 ## - CATALOGING SOURCE
Original cataloging agency DLC
Transcribing agency DLC
Modifying agency DLC
050 00 - LIBRARY OF CONGRESS CALL NUMBER
Classification number QM601
Item number .P17 1982
060 ## - NATIONAL LIBRARY OF MEDICINE CALL NUMBER
Classification number QS 604 P196r
082 00 - DEWEY DECIMAL CLASSIFICATION NUMBER
Classification number QS 604 p195r 1982
Edition number 19
100 1# - MAIN ENTRY--PERSONAL NAME
Personal name Pansky, Ben.
9 (RLIN) 1283
245 10 - TITLE STATEMENT
Title Review of Medical Embryology:
Statement of responsibility, etc. text and illustrations
260 ## - PUBLICATION, DISTRIBUTION, ETC. (IMPRINT)
Place of publication, distribution, etc. New York :
Name of publisher, distributor, etc. Macmillan,
Date of publication, distribution, etc. c1982.
300 ## - PHYSICAL DESCRIPTION
Extent xv, 527 p. :
Other physical details ill. (some col.) ;
Dimensions 25 cm.
504 ## - BIBLIOGRAPHY, ETC. NOTE
Bibliography, etc Includes bibliographical references and index.
650 #0 - SUBJECT ADDED ENTRY--TOPICAL TERM
Topical term or geographic name as entry element Embryology
9 (RLIN) 204
650 #2 - SUBJECT ADDED ENTRY--TOPICAL TERM
Topical term or geographic name as entry element Developing human
9 (RLIN) 61
906 ## - LOCAL DATA ELEMENT F, LDF (RLIN)
a 7
b cbc
c orignew
d 1
e ocip
f 19
g y-gencatlg
942 ## - ADDED ENTRY ELEMENTS (KOHA)
Source of classification or shelving scheme Other/Generic Classification Scheme
Koha item type Short Loan
Holdings
Withdrawn status Lost status Source of classification or shelving scheme Damaged status Not for loan Home library Current library Date acquired Source of acquisition Inventory number Total Checkouts Full call number Barcode Date last seen Date last checked out Koha item type
    Other/Generic Classification Scheme     MUST Main Library MUST Main Library 22/09/2014 Purchase 97/11615 2 QS 604 p195r 1982 2014-2895 03/04/2023 10/02/2023 Open Shelf